| 000 | 00517nam a2200193Ia 4500 | ||
|---|---|---|---|
| 003 | GCL | ||
| 008 | 140319s9999 xx 000 0 aFre d | ||
| 040 |
_aGCL / _cGCL |
||
| 082 | 0 | 4 |
_aCC _b491.1 _bB G |
| 100 | 1 | _aDE BUCK, A | |
| 245 | 1 | 0 |
_aGRAMMAIRE ELEMENTAIRE DU MOYEN EGYPTIEN / _cDE BUCK, A |
| 260 |
_a[S.N] : _bE. J. BRILL ، _c1982 |
||
| 300 | _a218 P | ||
| 650 | 0 | 4 | _aEGYPTOLOGY |
| 650 | 0 | 4 | _aEGYPTIAN LANGUAGE |
| 650 | 0 | 4 | _aANCIENT EGYPTIAN LANGUAGE |
| 650 | 0 | 4 | _aHIEROGLYPHIC LANGUAGE |
| 942 |
_2ddc _cBK |
||
| 999 |
_c15379 _d15379 |
||